[Event "Niedersachsen-ch U14"]
[Site "Norderney"]
[Date "2014.04.16"]
[Round "7"]
[White "Pitzer, Alexander"]
[Black "Limboeck, Sebastian"]
[Result "1/2-1/2"]
[WhiteElo "1499"]
[BlackElo "1294"]
[PlyCount "30"]
[EventDate "2014.04.??"]
[EventType "swiss"]
[EventRounds "9"]
[EventCountry "GER"]
[SourceTitle "EXT 2017"]
[Source "ChessBase"]
[SourceDate "2016.10.25"]
[SourceVersion "1"]
[SourceVersionDate "2016.10.25"]
[SourceQuality "1"]

1. d4 e6 2. e4 d5 3. e5 c5 4. c3 Nc6 5. Nf3 Qb6 6. Bd3 Bd7 7. Bc2 Be7 8. 0-0 f6 9. exf6 Nxf6 10. dxc5 Bxc5 11. b4 Bd6 12. Be3 Qc7 13. h3 0-0 14. Nd4 Nxd4 15. Bxd4 Qc6 1/2-1/2

[Event "Niedersachsen-ch U14"]
[Site "Norderney"]
[Date "2014.04.14"]
[Round "5"]
[White "Brockmeyer, Tobias"]
[Black "Limboeck, Sebastian"]
[Result "0-1"]
[WhiteElo "1247"]
[BlackElo "1294"]
[PlyCount "32"]
[EventDate "2014.04.??"]
[EventType "swiss"]
[EventRounds "9"]
[EventCountry "GER"]
[SourceTitle "EXT 2017"]
[Source "ChessBase"]
[SourceDate "2016.10.25"]
[SourceVersion "1"]
[SourceVersionDate "2016.10.25"]
[SourceQuality "1"]

1. d4 e6 2. c4 d5 3. cxd5 exd5 4. Nc3 Nc6 5. Bf4 Bb4 6. Qc2 Nxd4 7. Qb1 Bf5 8. Qd1 Nc2+ 9. Kd2 Nxa1 10. Qxa1 d4 11. Nf3 dxc3+ 12. Kc1 c2 13. Bd2 Bxd2+ 14. Nxd2 Qg5 15. b3 Rd8 16. e3 Qf6 0-1